000 01333nam a2200313 i 4500
001 bg
245 0 0 _aEkologiczne procesy na obszarach intensywnego rolnictwa /
_c(pod red. L[echa] Ryszkowskiego i S[tanisława] Bałazego) ; Zakład Badań Środowiska Rolniczego i Leśnego Polskiej Akademii Nauk.
260 _aPoznań :
_b"Bonami",
_c1996.
300 _a156 s. :
_bwykr. ;
_c24 cm.
504 _aBibliogr. przy pracach.
650 9 _aBiocenoza
_xbadanie
_zPolska
650 9 _aBiomasa
_xbadanie
_zPolska
650 9 _aKrajobraz
_xzagadnienia
_zPolska
650 9 _aRolnictwo
_xekologia
_zPolska
650 9 _aRolnictwo a środowisko człowieka
_xbadanie
_zPolska
650 9 _aŚrodowisko człowieka
_xhigiena i ochrona
_zPolska
650 9 _aWoda
_xchemia
_xbadanie
_zPolska
700 1 _aRYSZKOWSKI, Lech
_d(1931- ).
_eRed.
700 1 _aBAŁAZY, Stanisław.
_eRed.
710 0 _aPolska Akademia Nauk
_bZakład Badań Środowiska Rolniczego i Leśnego
020 _a8385274170
040 _cBPK
041 _apol
080 _a574:581.5+591.5:631.95:504.06](438)
920 _a83-85274-17-0
942 _cKS
008 s pl f |000 0 pol
999 _c42892
_d42892
856 _uhttp://koha.tu.koszalin.pl/cgi-bin/koha/opac-detail.pl?biblionumber=42892
_yKatalog online BPK